Statistiche per Clicca sugli Elementi Chimici

Clicka qui per fare il quiz!

Statistiche generali

  • Questo quiz è stato fatto 2.593 volte
  • Il punteggio medio è 20 su 24

Statistiche sulle risposte

HintRisposta% Corretto
TiTitanio
94%
PbPiombo
93%
FeFerro
92%
IrIridio
92%
SiSilicio
92%
KrKripton
91%
NiNichel
91%
CCarbonio
90%
CrCromo
89%
NeNeon
89%
ArArgon
88%
CaCalcio
87%
SnStagno
87%
IIodio
86%
AgArgento
84%
AuOro
82%
PtPlatino
77%
KPotassio
75%
NAzoto
74%
CuRame
74%
WTungsteno
70%
NaSodio
68%
SZolfo
64%
PFosforo
63%

Distribuzione punteggi

Percentile per numero di risposta

Percentuale di utenti per punteggio

I tuoi punteggi nel tempo

Non hai fatto questo quiz